000 00211 a2200097 4500
001 25229
100 _aSynge, J L
245 _aRelativity: General Theory
260 _a
_bNork Holl Pab
_c
090 _c17000
_d17000
942 _aNUST-CAE
_cM
_c7782
999 _c260302
_d260302